00318nam a2200133Ia 4500003000400000005001700004008004100021040001800062041000800080100004100088110001400129245002100143260002000164OSt20230525105001.0211028s2018 xx 000 0 und d cAIMIT LIBRARY aeng aMonteiro, Carol; Vanitha, T.e161907 aVanitha T aDeenet services. aMangaluruc2018